000 00558nam a2200229 a 4500
001 nice12345678
003 IN_TiNIC
005 20260116011758.0
008 050524s1911 luca grp 000 0 urd
020 _a
_c100
082 0 0 _a297.29
_bNAQ
100 _aNaqi, Mohd
245 _aSaifun Naqi
260 _aLucknow
_bGulzar-E-syedi Press
_c1911
500 _aincludes index and biblioraphy
505 2 _a3 volumes bound together.
650 _aIslam-Apologetic Works
700 1 _aNaqi, Mohd
902 _bSRS
942 _cBK
999 _c3896
_d3896